000 00509nam a2200193 a 4500
001 1767515828876
003 YourLibrary
005 20260105104359.0
008 260104s2003##################000#0#eng##
020 _a9780486427201
082 0 4 _a299.31
_bWIE
100 1 _aWiedemann, Alfred,
_eauthor.
245 1 0 _aReligion of the Ancient Egyptians :
260 _bCourier Corporation,
_c2003.
300 _a372 pages
650 0 _aReligion.
942 _cENGLISH
040 _aYourLibrary
_beng
_cYourLibrary
999 _c607186
_d607186